Carregando...
Manintenace time standards /
| Autor principal: | |
|---|---|
| Outros Autores: | |
| Idioma: | Undetermined |
| Publicado em: |
NPC ,
1978.
|
| LEADER | 00442nam a2200145Ia 4500 | ||
|---|---|---|---|
| 001 | 106616 | ||
| 008 | 170722s9999 xx 000 0 und d | ||
| 100 | |a Narchal, Rm | ||
| 245 | |a Manintenace time standards / | ||
| 260 | |b NPC , |c 1978. | ||
| 300 | |a 46 p. |c 24.5Cms | ||
| 700 | |a Gupta, Sc | ||
| 942 | |c GEN | ||
| 999 | |c 160394 |d 160394 | ||
| 952 | |0 1 |1 0 |4 0 |6 X_89M_2_000000000000000_L8 |7 0 |9 224210 |a LIB |b LIB |d 2017-08-12 |o X:89M.2 L8 |p G14923 |r 2017-08-12 |w 2017-08-12 |y GEN | ||